The kingdom of death

Guardat en:
Dades bibliogràfiques
Autor principal: Pentecost, Hugh (Autor)
Format: Llibre
Idioma:anglès
Publicat: Nueva York Bantam Books 1960
Col·lecció:Mistery, 1
Matèries:
Etiquetes: Afegir etiqueta
Sense etiquetes, Sigues el primer a etiquetar aquest registre!

MARC

LEADER 00000nam a2200000 a 4500
001 UCZ8403
003 CL-VaPUC
008 960121e19600000US |||||||||||||||||eng|d
082 0 4 |a 813  |b PEN  |2 21 
100 0 |a Pentecost, Hugh  |e author  |9 353690 
245 1 4 |a The kingdom of death 
300 |a 152 p 
942 |c BK 
945 |d 19960121 00:00:00  |a cmena 
260 |a Nueva York  |b Bantam Books  |c 1960 
650 0 |a Literatura estadounidense  |9 317168 
650 0 |a Novelas estadounidenses  |9 265217 
583 |a last modification  |c 19960121 00:00:00  |k Rodrigo Vera 
490 0 |a Mistery, 1 
999 |c 244322  |d 244320 
952 |0 0  |1 0  |4 0  |6 813_000000000000000_PEN_1960  |7 0  |8 P  |9 258333  |a BIBEDU  |b BIBEDU  |c BIBEDU_PB  |d 2019-11-19  |i 1618555  |o 813 PEN 1960  |p 1618555  |r 2024-01-25  |w 2019-11-19  |y BK  |k FIL